Liedtext - Lass und gehen - Revolverheld - Statistiken

Allgemein
  • Dieses Quiz wurde 436 mal gespielt
  • Das Durchschnittsergebnis liegt bei 248 aus 337
Antwortstatistiken
Textquiz % Korrekt
Lass
97%
lass
97%
uns
97%
gehen
95%
Die
92%
die
92%
oder
92%
und
91%
Und
91%
Berlin
89%
das
89%
Das
89%
Hamburg
89%
Köln
89%
zu
86%
wir
85%
Wir
85%
der
84%
Der
84%
Hinter
84%
auf
83%
wieder
80%
hier
79%
Meer
78%
du
77%
mal
77%
raus
76%
endlich
75%
Ich
75%
ich
75%
Menschen
75%
Wellen
74%
Straßen
71%
Hör'n
70%
Hörn'
70%
so
70%
Regen
66%
nicht
65%
Seh
64%
von
64%
Bist
62%
Fragen
62%
Hört
62%
auch
61%
füllen
61%
den
60%
stellen
60%
Stadt
59%
hab
57%
es
55%
in
55%
im
54%
mehr
54%
gelangweilt
53%
kann
52%
Enge
51%
haben
51%
meine
51%
noch
51%
aus
50%
Dass
49%
Genervt
49%
Hallo
49%
Hast
49%
Masse
48%
müde
48%
gestresst
47%
schon
47%
satt
45%
Bin
44%
halte
43%
atmen
42%
doch
42%
Himmel
42%
Hochhäuser
42%
nichts
42%
Seele
42%
weg
42%
immer
41%
kaum
41%
Massen
40%
sein
40%
verbaut
40%
vom
40%
wollen
40%
muss
39%
längst
38%
Mit
38%
gar
37%
erreiche
35%
Schweden
34%
Sommer
34%
träumen
34%
beide
33%
erreichbar
33%
Jeder
32%
sich
32%
schnell
31%
gelesen
30%
Zwischen
30%
Können
29%
Lichtern
29%
Ruhe
29%
Tage
29%
Zeilen
28%
Nächte
27%
überall
27%
fest
26%
flackernden
26%
frisst
26%
hinein
26%
Verschüttet
24%
Gesichter
23%
stecken
23%
drängelnden
19%
fällen
19%
Gehetzte
19%
Schluckt
19%
Entscheidungen
15%
Keine übereinstimmenden Quizze gefunden
Verteilung der Resultate
Anzahl Personen mit jedem Resultat
Perzentil nach korrekt beantworteten Fragen
Ihre Resultats-Entwicklung
Sie haben dieses Quiz noch nicht gespielt